000 01160nam a2200301Ia 4500
003 OSt
005 20221005110628.0
006 a|||||r|||| 00| 0
007 ta
008 221004b |||||||| |||| 00| 0 hin d
020 _a9788126314027 (hbk)
_cINR 250.00
024 _a37056
037 _bBW/1695, 15/03/2018, Bookwell
_cTextual
040 _aCRL
_cCRL
_bhin
041 _2hin
_ahin
082 _aO152,6N25x, P7
100 _aमिश्र, विद्यानिवास, ले.
245 0 _aव्यक्ति - व्यंजना
246 _aVyakti - vyanjanā
250 _aसंस्करण 2
260 _aनई दिल्ली
_bभारतीय ज्ञानपीठ भारत
_c2007
300 _a328पृ0
_ccm.
490 _aलोकोदय ग्रन्थमाला; ग्रन्थांक 649
650 _a हिन्दी साहित्य
650 _aहिन्दी निबंध
942 _hO152,6N25x, P7
_cTEXL
_2cc
999 _c1019392
_d1019392